The elephant in the temple : (Record no. 153818)

MARC details
000 -LEADER
fixed length control field 00584nam a22001817a 4500
005 - DATE AND TIME OF LATEST TRANSACTION
control field 20180711120532.0
010 ## - LCCN (DPL NO)
LC control number ENG-123441
020 ## - INTERNATIONAL STANDARD BOOK NUMBER
International Standard Book Number 9789386582812
Terms of availability 350.00
035 ## - SYSTEM CONTROL NUMBER
System control number EN-106973
037 ## - SOURCE OF ACQUISITION
Source of stock number/acquisition DBAD/PUB.
082 ## - DEWEY DECIMAL CLASSIFICATION NUMBER
Classification number 915.4
100 ## - MAIN ENTRY--PERSONAL NAME
Personal name Kipling, John Lockwood
245 ## - TITLE STATEMENT
Title The elephant in the temple :
Statement of responsibility, etc by John Lockwood Kipling
Remainder of title tales of beast and man in india /
260 ## - PUBLICATION, DISTRIBUTION, ETC. (IMPRINT)
Place of publication, distribution, etc New Delhi
Name of publisher, distributor, etc Speaking Tiger
Date of publication, distribution, etc 2017
270 ## - ADDRESS
Address 4381/4, Ansari Road, Daryaganj
City New Delhi
Postal code 110002
300 ## - PHYSICAL DESCRIPTION
Extent xii,291p.
Other physical details 21cm(pbk)
Dimensions ill.
942 ## - ADDED ENTRY ELEMENTS (KOHA)
Source of classification or shelving scheme Dewey Decimal Classification
Item type English Books
Classification part 915.4
Call number prefix KIP
Holdings
Withdrawn status Lost status Not for loan Collection code Home library Current library Date acquired Source of acquisition Cost, normal purchase price Full call number Barcode Copy number Cost, replacement price Koha item type
    Not For Loan Non-fiction D.B.Act.Division Central Library 11/07/2018 DBAD/PUB 350.00 915.4 EN-106973 1 350.00 English Books

© Delhi Public Library
Hit Counter
free hit counter